<?xml version="1.0" encoding="UTF-8"?>
<record
    xmlns:xsi="http://www.w3.org/2001/XMLSchema-instance"
    xsi:schemaLocation="http://www.loc.gov/MARC21/slim http://www.loc.gov/standards/marcxml/schema/MARC21slim.xsd"
    xmlns="http://www.loc.gov/MARC21/slim">

  <leader>00396nam a22001697a 4500</leader>
  <controlfield tag="003">OSt</controlfield>
  <controlfield tag="005">20240327170750.0</controlfield>
  <controlfield tag="008">190206b        xxu||||| |||| 00| 0 eng d</controlfield>
  <datafield tag="020" ind1=" " ind2=" ">
    <subfield code="a">8193868064</subfield>
  </datafield>
  <datafield tag="040" ind1=" " ind2=" ">
    <subfield code="c">IIMT UNIVERSITY</subfield>
  </datafield>
  <datafield tag="100" ind1=" " ind2=" ">
    <subfield code="a">Tripathi,Akadhashi</subfield>
  </datafield>
  <datafield tag="245" ind1=" " ind2=" ">
    <subfield code="a">Leave me Behaya</subfield>
  </datafield>
  <datafield tag="250" ind1=" " ind2=" ">
    <subfield code="a">1st</subfield>
  </datafield>
  <datafield tag="260" ind1=" " ind2=" ">
    <subfield code="a">Meerut</subfield>
    <subfield code="b">Utkarsh Prakashan</subfield>
    <subfield code="c">2018</subfield>
  </datafield>
  <datafield tag="300" ind1=" " ind2=" ">
    <subfield code="a">104</subfield>
  </datafield>
  <datafield tag="942" ind1=" " ind2=" ">
    <subfield code="2">ddc</subfield>
    <subfield code="c">03</subfield>
    <subfield code="e">1st</subfield>
  </datafield>
  <datafield tag="999" ind1=" " ind2=" ">
    <subfield code="c">44685</subfield>
    <subfield code="d">44685</subfield>
  </datafield>
  <datafield tag="952" ind1=" " ind2=" ">
    <subfield code="0">0</subfield>
    <subfield code="1">0</subfield>
    <subfield code="2">ddc</subfield>
    <subfield code="4">0</subfield>
    <subfield code="7">0</subfield>
    <subfield code="a">01</subfield>
    <subfield code="b">01</subfield>
    <subfield code="d">2019-02-06</subfield>
    <subfield code="e">Chairman Sir</subfield>
    <subfield code="g">99.00</subfield>
    <subfield code="i">000</subfield>
    <subfield code="p">01-B-128575</subfield>
    <subfield code="r">2019-02-06</subfield>
    <subfield code="u">refferance</subfield>
    <subfield code="v">99.00</subfield>
    <subfield code="w">2019-02-06</subfield>
    <subfield code="y">06</subfield>
  </datafield>
  <datafield tag="952" ind1=" " ind2=" ">
    <subfield code="0">0</subfield>
    <subfield code="1">0</subfield>
    <subfield code="2">ddc</subfield>
    <subfield code="4">0</subfield>
    <subfield code="7">0</subfield>
    <subfield code="a">01</subfield>
    <subfield code="b">01</subfield>
    <subfield code="d">2019-02-06</subfield>
    <subfield code="e">Chairman Sir</subfield>
    <subfield code="g">99.00</subfield>
    <subfield code="i">000</subfield>
    <subfield code="p">01-B-128576</subfield>
    <subfield code="r">2019-02-06</subfield>
    <subfield code="u">refferance</subfield>
    <subfield code="v">99.00</subfield>
    <subfield code="w">2019-02-06</subfield>
    <subfield code="y">06</subfield>
  </datafield>
  <datafield tag="952" ind1=" " ind2=" ">
    <subfield code="0">0</subfield>
    <subfield code="1">0</subfield>
    <subfield code="2">ddc</subfield>
    <subfield code="4">0</subfield>
    <subfield code="7">0</subfield>
    <subfield code="a">01</subfield>
    <subfield code="b">01</subfield>
    <subfield code="d">2019-02-06</subfield>
    <subfield code="e">Chairman Sir</subfield>
    <subfield code="g">99.00</subfield>
    <subfield code="i">000</subfield>
    <subfield code="l">1</subfield>
    <subfield code="p">01-B-128577</subfield>
    <subfield code="r">2019-06-14</subfield>
    <subfield code="s">2019-02-11</subfield>
    <subfield code="u">refferance</subfield>
    <subfield code="v">99.00</subfield>
    <subfield code="w">2019-02-06</subfield>
    <subfield code="y">06</subfield>
  </datafield>
  <datafield tag="952" ind1=" " ind2=" ">
    <subfield code="0">0</subfield>
    <subfield code="1">0</subfield>
    <subfield code="2">ddc</subfield>
    <subfield code="4">0</subfield>
    <subfield code="7">0</subfield>
    <subfield code="a">01</subfield>
    <subfield code="b">01</subfield>
    <subfield code="d">2019-02-06</subfield>
    <subfield code="e">Chairman Sir</subfield>
    <subfield code="g">99.00</subfield>
    <subfield code="i">000</subfield>
    <subfield code="p">01-B-128578</subfield>
    <subfield code="r">2019-02-06</subfield>
    <subfield code="u">refferance</subfield>
    <subfield code="v">99.00</subfield>
    <subfield code="w">2019-02-06</subfield>
    <subfield code="y">06</subfield>
  </datafield>
  <datafield tag="952" ind1=" " ind2=" ">
    <subfield code="0">0</subfield>
    <subfield code="1">0</subfield>
    <subfield code="2">ddc</subfield>
    <subfield code="4">0</subfield>
    <subfield code="7">0</subfield>
    <subfield code="a">01</subfield>
    <subfield code="b">01</subfield>
    <subfield code="d">2019-02-06</subfield>
    <subfield code="e">Chairman Sir</subfield>
    <subfield code="g">99.00</subfield>
    <subfield code="i">000</subfield>
    <subfield code="l">1</subfield>
    <subfield code="p">01-B-128579</subfield>
    <subfield code="r">2026-03-09</subfield>
    <subfield code="s">2026-02-27</subfield>
    <subfield code="u">refferance</subfield>
    <subfield code="v">99.00</subfield>
    <subfield code="w">2019-02-06</subfield>
    <subfield code="y">01</subfield>
  </datafield>
  <datafield tag="952" ind1=" " ind2=" ">
    <subfield code="0">0</subfield>
    <subfield code="1">0</subfield>
    <subfield code="2">ddc</subfield>
    <subfield code="4">0</subfield>
    <subfield code="7">0</subfield>
    <subfield code="a">01</subfield>
    <subfield code="b">01</subfield>
    <subfield code="d">2019-02-06</subfield>
    <subfield code="e">Chairman Sir</subfield>
    <subfield code="g">99.00</subfield>
    <subfield code="i">000</subfield>
    <subfield code="p">01-B-128580</subfield>
    <subfield code="r">2019-02-06</subfield>
    <subfield code="u">refferance</subfield>
    <subfield code="v">99.00</subfield>
    <subfield code="w">2019-02-06</subfield>
    <subfield code="y">06</subfield>
  </datafield>
  <datafield tag="952" ind1=" " ind2=" ">
    <subfield code="0">0</subfield>
    <subfield code="1">0</subfield>
    <subfield code="2">ddc</subfield>
    <subfield code="4">0</subfield>
    <subfield code="7">0</subfield>
    <subfield code="a">01</subfield>
    <subfield code="b">01</subfield>
    <subfield code="d">2019-02-06</subfield>
    <subfield code="e">Chairman Sir</subfield>
    <subfield code="g">99.00</subfield>
    <subfield code="i">000</subfield>
    <subfield code="p">01-B-128581</subfield>
    <subfield code="r">2019-02-06</subfield>
    <subfield code="u">refferance</subfield>
    <subfield code="v">99.00</subfield>
    <subfield code="w">2019-02-06</subfield>
    <subfield code="y">06</subfield>
  </datafield>
  <datafield tag="952" ind1=" " ind2=" ">
    <subfield code="0">0</subfield>
    <subfield code="1">0</subfield>
    <subfield code="2">ddc</subfield>
    <subfield code="4">0</subfield>
    <subfield code="7">0</subfield>
    <subfield code="a">01</subfield>
    <subfield code="b">01</subfield>
    <subfield code="d">2019-02-06</subfield>
    <subfield code="e">Chairman Sir</subfield>
    <subfield code="g">99.00</subfield>
    <subfield code="i">000</subfield>
    <subfield code="p">01-B-128582</subfield>
    <subfield code="r">2019-02-06</subfield>
    <subfield code="u">refferance</subfield>
    <subfield code="v">99.00</subfield>
    <subfield code="w">2019-02-06</subfield>
    <subfield code="y">06</subfield>
  </datafield>
  <datafield tag="952" ind1=" " ind2=" ">
    <subfield code="0">0</subfield>
    <subfield code="1">0</subfield>
    <subfield code="2">ddc</subfield>
    <subfield code="4">0</subfield>
    <subfield code="7">0</subfield>
    <subfield code="a">01</subfield>
    <subfield code="b">01</subfield>
    <subfield code="d">2019-02-06</subfield>
    <subfield code="e">Chairman Sir</subfield>
    <subfield code="g">99.00</subfield>
    <subfield code="i">000</subfield>
    <subfield code="p">01-B-128583</subfield>
    <subfield code="r">2019-02-06</subfield>
    <subfield code="u">refferance</subfield>
    <subfield code="v">99.00</subfield>
    <subfield code="w">2019-02-06</subfield>
    <subfield code="y">06</subfield>
  </datafield>
  <datafield tag="952" ind1=" " ind2=" ">
    <subfield code="0">0</subfield>
    <subfield code="1">0</subfield>
    <subfield code="2">ddc</subfield>
    <subfield code="4">0</subfield>
    <subfield code="7">0</subfield>
    <subfield code="a">01</subfield>
    <subfield code="b">01</subfield>
    <subfield code="d">2019-02-06</subfield>
    <subfield code="e">Chairman Sir</subfield>
    <subfield code="g">99.00</subfield>
    <subfield code="i">000</subfield>
    <subfield code="p">01-B-128584</subfield>
    <subfield code="r">2019-02-06</subfield>
    <subfield code="u">refferance</subfield>
    <subfield code="v">99.00</subfield>
    <subfield code="w">2019-02-06</subfield>
    <subfield code="y">06</subfield>
  </datafield>
  <datafield tag="952" ind1=" " ind2=" ">
    <subfield code="0">0</subfield>
    <subfield code="1">0</subfield>
    <subfield code="2">ddc</subfield>
    <subfield code="4">0</subfield>
    <subfield code="7">0</subfield>
    <subfield code="a">01</subfield>
    <subfield code="b">01</subfield>
    <subfield code="d">2019-02-06</subfield>
    <subfield code="e">Chairman Sir</subfield>
    <subfield code="g">99.00</subfield>
    <subfield code="i">000</subfield>
    <subfield code="p">01-B-128585</subfield>
    <subfield code="r">2019-02-06</subfield>
    <subfield code="u">refferance</subfield>
    <subfield code="v">99.00</subfield>
    <subfield code="w">2019-02-06</subfield>
    <subfield code="y">06</subfield>
  </datafield>
  <datafield tag="952" ind1=" " ind2=" ">
    <subfield code="0">0</subfield>
    <subfield code="1">0</subfield>
    <subfield code="2">ddc</subfield>
    <subfield code="4">0</subfield>
    <subfield code="7">0</subfield>
    <subfield code="a">01</subfield>
    <subfield code="b">01</subfield>
    <subfield code="d">2019-02-06</subfield>
    <subfield code="e">Chairman Sir</subfield>
    <subfield code="g">99.00</subfield>
    <subfield code="i">000</subfield>
    <subfield code="p">01-B-128586</subfield>
    <subfield code="r">2019-02-06</subfield>
    <subfield code="u">refferance</subfield>
    <subfield code="v">99.00</subfield>
    <subfield code="w">2019-02-06</subfield>
    <subfield code="y">06</subfield>
  </datafield>
  <datafield tag="952" ind1=" " ind2=" ">
    <subfield code="0">0</subfield>
    <subfield code="1">0</subfield>
    <subfield code="2">ddc</subfield>
    <subfield code="4">0</subfield>
    <subfield code="7">0</subfield>
    <subfield code="a">01</subfield>
    <subfield code="b">01</subfield>
    <subfield code="d">2019-02-06</subfield>
    <subfield code="e">Chairman Sir</subfield>
    <subfield code="g">99.00</subfield>
    <subfield code="i">000</subfield>
    <subfield code="p">01-B-128587</subfield>
    <subfield code="r">2019-02-06</subfield>
    <subfield code="u">refferance</subfield>
    <subfield code="v">99.00</subfield>
    <subfield code="w">2019-02-06</subfield>
    <subfield code="y">06</subfield>
  </datafield>
  <datafield tag="952" ind1=" " ind2=" ">
    <subfield code="0">0</subfield>
    <subfield code="1">0</subfield>
    <subfield code="2">ddc</subfield>
    <subfield code="4">0</subfield>
    <subfield code="7">0</subfield>
    <subfield code="a">01</subfield>
    <subfield code="b">01</subfield>
    <subfield code="d">2019-02-06</subfield>
    <subfield code="e">Chairman Sir</subfield>
    <subfield code="g">99.00</subfield>
    <subfield code="i">000</subfield>
    <subfield code="p">01-B-128588</subfield>
    <subfield code="r">2019-02-06</subfield>
    <subfield code="u">refferance</subfield>
    <subfield code="v">99.00</subfield>
    <subfield code="w">2019-02-06</subfield>
    <subfield code="y">06</subfield>
  </datafield>
</record>
